MARC details
| 000 -CABECERA |
| campo de control de longitud fija |
01548nam a2200325 a 4500 |
| 001 - NÚMERO DE CONTROL |
| campo de control |
000020968 |
| 005 - FECHA Y HORA DE LA ÚLTIMA TRANSACCIÓN |
| campo de control |
20250311111111.0 |
| 008 - DATOS DE LONGITUD FIJA--INFORMACIÓN GENERAL |
| campo de control de longitud fija |
100825s1993 dr r 000 0 spa d |
| 040 ## - FUENTE DE LA CATALOGACIÓN |
| Centro catalogador/agencia de origen |
DO-SdBNP |
| Lengua de catalogación |
spa |
| Centro/agencia transcriptor |
BNPHU |
| 082 ## - NÚMERO DE LA CLASIFICACIÓN DECIMAL DEWEY |
| Número de clasificación |
001.4 |
| Número de documento/Ítem |
H557t |
| 100 1# - ENTRADA PRINCIPAL--NOMBRE DE PERSONA |
| Nombre de persona |
Hernández Disla, Pablo María, |
| Fechas asociadas al nombre |
1942- |
| 9 (RLIN) |
11 |
| 245 10 - MENCIÓN DE TÍTULO |
| Título |
Teoría y práctica de la investigación científica / |
| Mención de responsabilidad, etc. |
Pablo María Hernández ; prólogo Teresa Hidalgo Santos. |
| 260 ## - PUBLICACIÓN, DISTRIBUCIÓN, ETC. |
| Lugar de publicación, distribución, etc. |
Santo Domingo : |
| Nombre del editor, distribuidor, etc. |
UASD, |
| Fecha de publicación, distribución, etc. |
1993. |
| 300 ## - DESCRIPCIÓN FÍSICA |
| Extensión |
210 p. ; |
| Dimensiones |
21 cm. |
| 490 1# - MENCIÓN DE SERIE |
| Mención de serie |
Publicaciones de la Universidad Autónoma de Santo Domingo |
| Designación de volumen o secuencia |
738 |
| 490 1# - MENCIÓN DE SERIE |
| Mención de serie |
Filosofía y sociedad |
| Designación de volumen o secuencia |
5 |
| 500 ## - NOTA GENERAL |
| Nota general |
Incluye datos biográficos del autor en la contracubierta. |
| 504 ## - NOTA DE BIBLIOGRAFÍA, ETC. |
| Nota de bibliografía, etc. |
Incluye bibliografía y notas al pie de páginas. |
| 504 ## - NOTA DE BIBLIOGRAFÍA, ETC. |
| Nota de bibliografía, etc. |
Bibliografía : p. 209-210. |
| 505 0# - NOTA DE CONTENIDO CON FORMATO |
| Título |
La metodología en la historia -- |
| -- |
El método -- |
| -- |
La teoría del conocimiento -- |
| -- |
Tesis en torno al conocimiento a la luz del pensamiento de Karl Poper -- |
| -- |
La ciencia -- |
| -- |
La investigación y el proyecto investigación -- |
| -- |
Teoría, práctica e informe -- |
| -- |
Cronograma -- |
| -- |
Bibliografía. |
| 590 ## - NOTA LOCAL (RLIN) |
| Nota local |
Inventariado,2018/DG |
| 650 #0 - PUNTO DE ACCESO ADICIONAL DE MATERIA--TÉRMINO DE MATERIA |
| Término de materia o nombre geográfico como elemento de entrada |
Investigación |
| 9 (RLIN) |
2 |
| 650 #0 - PUNTO DE ACCESO ADICIONAL DE MATERIA--TÉRMINO DE MATERIA |
| Término de materia o nombre geográfico como elemento de entrada |
Ciencia - |
| Subdivisión general |
Metodología |
| 9 (RLIN) |
3 |
| 650 #4 - PUNTO DE ACCESO ADICIONAL DE MATERIA--TÉRMINO DE MATERIA |
| Término de materia o nombre geográfico como elemento de entrada |
Proyectos de investigación |
| 9 (RLIN) |
12 |
| 650 #4 - PUNTO DE ACCESO ADICIONAL DE MATERIA--TÉRMINO DE MATERIA |
| Término de materia o nombre geográfico como elemento de entrada |
Teoría del conocimiento |
| 9 (RLIN) |
13 |
| 700 1# - PUNTO DE ACCESO ADICIONAL--NOMBRE DE PERSONA |
| Nombre de persona |
Hidalgo Santo, Teresa, |
| Término indicativo de función/relación |
pról. |
| 9 (RLIN) |
43914 |
| 830 #0 - PUNTO DE ACCESO ADICIONAL DE SERIE-TÍTULO UNIFORME |
| Título uniforme |
Publicaciones de la Universidad Autónoma de Santo Domingo |
| Número de parte o sección de la obra |
738 |
| 9 (RLIN) |
43915 |
| 830 #0 - PUNTO DE ACCESO ADICIONAL DE SERIE-TÍTULO UNIFORME |
| Título uniforme |
Filosofía y sociedad |
| Número de parte o sección de la obra |
5 |
| 9 (RLIN) |
43916 |
| 910 ## - DATOS DE OPCIÓN DEL USUARIO (OCLC) |
| Datos de opción del usuario |
Validado. Control de calidad EMS |